000 00306nam a22001337a 4500
008 170807b xxu||||| |||| 00| 0 eng d
020 _a9780071759069
041 _aeng
080 _a004
100 _a34
101 _aSHKI
245 _aIPAD & IPHONE ADMINISTRATOR'S GUIDE
_cDAVIS, G.H
942 _2udc
_cBK
999 _c22839
_d22839